Lágrimas (Record no. 1439)

MARC details
000 -LEADER
campo de control de longitud fija 00562nam a22001457a 4500
008 - DATOS DE LONGITUD FIJA--INFORMACIÓN GENERAL
campo de control de longitud fija 180505b xxu||||| |||| 00| 0 eng d
082 ## - NÚMERO DE LA CLASIFICACIÓN DECIMAL DEWEY
Número de clasificación 708
Número de ítem M921l
100 ## - ENTRADA PRINCIPAL--NOMBRE DE PERSONA
Nombre de persona Motta, Carlos
9 (RLIN) 5849
110 ## - ENTRADA PRINCIPAL--NOMBRE DE ENTIDAD CORPORATIVA
Nombre de entidad corporativa o nombre de jurisdicción como elemento de entrada Universidad Nacional de Colombia
9 (RLIN) 6266
245 ## - MENCIÓN DEL TÍTULO
Título Lágrimas
260 ## - PUBLICACIÓN, DISTRIBUCIÓN, ETC.
Lugar de publicación, distribución, etc. Colombia
Nombre del editor, distribuidor, etc. Ediciones Popolet
Fecha de publicación, distribución, etc. 2017
300 ## - DESCRIPCIÓN FÍSICA
Extensión 16 p.
Dimensiones 15 cm
650 ## - PUNTO DE ACCESO ADICIONAL DE MATERIA--TÉRMINO DE MATERIA
Fuente del encabezamiento o término Videoarte
Subdivisión general Arte contemporáneo
-- Arte -Exhibiciones
-- Arte - Inequidad social
-- Arte - Colecciones
-- Arte - Deformidades médicas
-- Sotomayor, Hugo - Antropólogo
9 (RLIN) 6267
700 ## - ENTRADA AGREGADA--NOMBRE PERSONAL
Nombre de persona Sáenz, María Belen (Curador)
9 (RLIN) 6268
Holdings
Estatus retirado Estado de pérdida Fuente del sistema de clasificación o colocación Estado de daño No para préstamo Biblioteca de origen Biblioteca actual Ubicación en estantería Fecha de adquisición Total de préstamos Signatura topográfica completa Código de barras Visto por última vez Precio de reemplazo Tipo de ítem Koha
    Clasificación Decimal Dewey     Biblioteca LadoV Biblioteca LadoV   05/05/2018   708 M921l 004506 05/05/2018 05/05/2018 Material 01